00647nam a2200169 a 450000100100000000500170001000800410002704000250006808200150009310000410010824500670014926000950021630000270031104900090033895201130034799900170046000002771920200930031037.0110404s2004 dr a 000 0 spa d aDO-SdBNPbspacBNPHU axxxxbH5191 aHenríquez, Rafael Américo92738610aRosa de tierra :bselección /cRafael Américo Henríquez. aSan Francisco de Macoris, República Dominicana :bNacionalbAngeles de Fierro,c[20--?]. a40 p. :bil. ;c18 cm. aBNPD 0010718PDaPDbPDcCTd2011-04-04iLF1l0oxxxx H519p27719-10r2020-06-25w2020-06-25yLFPDZNo se presta c27211d27211